000 01385nam a22002657a 4500
005 20160827113214.0
008 150708b2002 ck ||||frm||| 00| 0 spa d
040 _aCO-BoIAVH
_cCO-BoIAVH
041 _aspa
044 _ack
090 _aTE
_b0139
100 1 _aCorrea-Pérez, Jaime Enrique
245 1 0 _aDiagnóstico, composición y distribución de la fauna silvestre utilizada para cacería en una comunidad campesina de Santa Helena Baja en el municipio de Pandi, Cundinamarca.
_bJaime Enrique Correa Pérez
260 _aBogotá:
_bPontificia Universidad Javeriana, Facultad de Estudios Ambientales y Rurales, Carrera de Ecología,
_c2002.
300 _a130 paginas
_btablas, mapas a color
_c28 cm., argollado.
500 _aSolo para consulta en sala
502 _aTrabajo de grado para optar al título de Ecologo en la Pontificia Universidad Javeriana de Bogotá.
505 _aEl manejo de fauna silvestre Generalidades de la Región Andina Biodiversidad en los Andes Comunidades rurales Economía campesina andina
590 _aSOLO PARA CONSULTA EN SALA
650 1 0 _aFauna silvestre
_xaspectos económicos
650 1 0 _aFauna silvestre
_x Conservación
_z Colombia
662 _aColombia
_bCundinamarca (Dpto.)
_cPandi (Municipio)
_dSanta Helena la Baja
700 1 _aPolanco Ochoa, Rocío
_eDirectora de tesis
942 _2z
_cTESIS
999 _c17531
_d17531